Datum a čas kvízu
22
Celkem bodů
Celkový počet nahraných bodů na tomto kvízu bez doplňovacích otázek.
2.
Pořadí na kvízu
Konečné umístění týmu na tomto kvízu.
Zaznamenané odpovědi
| # | Otázka | Odpověď | Body | Výsledky |
|---|---|---|---|---|
| 1. | V pátek se na základních a stř... | burger, panák (alkoholu) | 0 | |
| 2. | Jeden švýcarský turista se v p... | v Mostaru | 0 | |
| 3. | Minulý týden byl potvrzen rozc... | Katy Perry, Orlando Bloom | 0 | |
| 4. | Minulý týden byly odhaleny pod... | KFC | 1 | |
| 5. | V Ostravě se konal tradiční at... | 400 m překážek | 1 | |
| 6. | Ve filmové sérii Muži v černém... | J a K | 0 | |
| 7. | Napište originální anglický ná... | The Hangover | 0 | |
| 8. | Seřaďte jednotlivé díly filmov... | 1A 2B 3C 4D | 1 | |
| 9. | Jak se jmenovala dcera Edwarda... | A | 0 | |
| 10. | Závěrem se podíváme blíže na H... | z hadů | 0 |